Statistics for Rivers of the world quiz#1

Click here to take the quiz!

General Stats

  • This quiz has been taken 7 times
  • The average score is 3 of 7

Answer Stats

HintAnswer% Correct
Who named a Queensland river after his ship?Cook
100%
The source of the Amazon is in which country?Peru
86%
The Ob river flows north into which ocean?Arctic
71%
The Kama Samara and Oka are tributaries of which river?Volga
57%
Lule Dal and Ume are principal rivers in which country?Sweden
14%
The Chao Phraya river runs through Bangkok what does Chao Phraya mean in Thai?River of Kings
0%
A river horse is a hippopotamus but what is a river jack?Snake
0%

Score Distribution

Percentile by Number Answered

Percent of People with Each Score

Your Score History

You have not taken this quiz